000 00713nam a2200289Ia 4500
005 20260324142826.0
008 008 260324s9999 xx 000 0 eng d
020 _a9781315485935
037 _aEBOOK
040 _aCRL
040 _beng
040 _cCRL
041 _2eng
041 _aeng
084 _qCRL
100 _aMasanori Nakamura
_9649202
245 4 _aThe Japanese Monarchy, 1931-91
245 0 _bAmbassador Grew and the Making of the "Symbol Emperor System"
260 _bTaylor and Francis
260 _c1993
365 _a
365 _b280
856 _uhttp://www.taylorfrancis.com/books/9781315485935
942 _cEBOOK
999 _c1818033
_d1818033